000 00632nam a2200217 a 4500
001 000044198
003 DO-SdBNP
005 20250206123232.0
007 ta
008 140609s 2009 dr ac 000 0 spa d
020 _a9789945002294
040 _aDO-SdBNP
_bspa
_cBNPHU
082 4 _222
100 1 _aGrimaldi, Víctor,
_d1949-
_91699
245 1 0 _aJuan Bosch y Gracía Márquez entrevista /
_cVíctor Grimaldi.
260 _aSanto Domingo :
_bCorripio,
_c2009.
300 _a130 p. :
_bil., retrs. ;
_c24 cm.
500 _aIncluye datos biográficos del autor en la solapa
590 _aiNVENTARIADO, 2022/BT
942 _2ddc
_cLBS1
999 _c43687
_d43687